F1 2022 Grid - Statistics

General Stats
  • This quiz has been taken 142 times
  • The average score is 14 of 20
Answer Stats
Team Answer % Correct
Mercedes Lewis Hamilton
97%
Ferrari Carlos Sainz
95%
Ferrari Charles Leclerc
94%
Red Bull Max Verstappen
94%
Mclaren Lando Norris
93%
McLaren Daniel Ricciardo
90%
Red Bull Sergio Perez
90%
Alpine Fernando Alonso
89%
Mercedes George Russell
89%
Alpine Esteban Ocon
88%
Aston Martin Sebastian Vettel
88%
Alphatauri Pierre Gasly
85%
Aston Martin Lance Stroll
83%
Alphatauri YukI Tsunoda
81%
Haas Kevin Magnussen
64%
Haas Mick Schumacher
63%
Williams Alex Albon
26%
Alfa Romeo Valterri Bottas
25%
Williams Nicolas Latifi
15%
Alfa Romeo Guanyo Zhou
0%
No matching quizzes found
Score Distribution
Percent of People with Each Score
Percentile by Number Answered
Your Score History
You have not taken this quiz